[Event "ICS rated blitz match"]
[Site "204.178.125.65"]
[Date "1999.10.28"]
[Round "?"]
[White "Data"]
[Black "Hossa"]
[Result "1-0"]
[WhiteElo "2738"]
[BlackElo "2397"]
[Annotator "Hiarcs 7.32 (10s)"]
[PlyCount "106"]
[EventDate "1999.??.??"]

1. e4 c5 2. Nf3 Nc6 3. Bb5 g6 4. O-O Bg7 5. c3 Nf6 6. Re1 O-O 7. d4 d5 8. exd5
Qxd5 9. c4 Qd6 10. dxc5 (10. d5 Na5 11. Na3 a6 12. Ba4 b5 13. cxb5 Nxd5 14. Bg5
Rd8 15. Rb1 axb5 16. Nxb5 Qb6 17. Qe2 Nc6 18. Bb3 Bg4 19. h3 Bxf3 20. Qxf3 Nf6
21. a4 Rd7 22. Rbc1 Rad8 23. Bc4 h6 24. Bh4 g5 25. Bg3 e6 26. b3 Nd5 27. Rcd1
Nd4 28. Nxd4 Bxd4 29. Bb5 Re7 30. Be5 Bxe5 31. Rxe5 Qc7 32. Re2 Kg7 33. Red2
Rb8 34. Bc4 Nf4 35. Rd6 Ng6 36. Qc3+ Kg8 37. Qf6 Ree8 38. Rd7 Qf4 39. Rxf7 Qxf6
40. Rxf6 Nf4 41. Rd7 Rbd8 42. Bxe6+ Nxe6 43. Rxe6 Rxd7 44. Rxe8+ 44... Kg7 {
Anand,V-Kramnik,V/Moscow PCA blitz 1994/EXP 40/1/2-1/2 (71)}) 10... Qxc5 11.
Be3 11... Qb4 $146 (11... Qh5 12. Bxc6 bxc6 13. Bd4 Bg4 14. Nbd2 Rfd8 15. Qa4
Bh6 16. Bc3 Bxd2 17. Nxd2 Qg5 18. Re5 Qf4 19. g3 Qh6 20. Rxe7 Rac8 21. Bxf6
Rxd2 22. Rae1 Qf8 23. Bc3 Rdd8 24. Qxa7 c5 25. Qb6 {
1-0 Istvandi,L-Seres,L/HUN-chT2 1993/TD 93\10 (25)}) 12. Bxc6 bxc6 13. Qb3 Qa5
14. Bd4 Re8 15. Nbd2 Bg4 16. Qb7 c5 17. Nb3 Qb4 18. Qxb4 cxb4 19. Ne5 Bf5 20.
Nc6 Be4 21. Nxb4 e5 22. Bc3 a5 23. Na6 Rxa6 24. Nc5 Rc8 25. Nxa6 Bb7 26. Bxa5
Bxa6 27. b3 Nd7 28. Rad1 Nc5 29. Bb4 Ne6 30. Rd7 Nd4 31. Bd6 f6 32. f4 Nc2 33.
Re2 Nd4 34. Re4 Nc6 35. a4 Nd4 36. Ra7 Nxb3 37. Rxa6 Nd2 38. Re2 Nxc4 39. a5 h5
40. fxe5 fxe5 41. Bb4 Kh7 42. Re4 Kh6 43. h4 Kh7 44. Ra7 Kh6 45. Be7 g5 46.
Bxg5+ Kg6 47. g4 hxg4 48. Rxg4 Bh8 49. Bd8+ Kh6 50. Rd7 Ne3 51. Rb4 Nc4 (51...
Kg6 $18 {ist der letzte Strohhalm}) 52. a6 $1 {glaenzend gespielt} 52... Kg6 (
52... e4 53. a7 Ne5 54. Bg5+ Kh5 55. Rd8 Nf3+ 56. Kf2 Rc2+ 57. Ke3 $18) 53. a7
Na3 (53... Ra8 {waere gleichermassen fruchtlos} 54. Rxc4 Kf5 55. Bg5 $18) 1-0

[Event "ICS Rated blitz match"]
[Site "204.178.125.65"]
[Date "1999.10.28"]
[Round "?"]
[White "Hossa"]
[Black "roma"]
[Result "1-0"]
[WhiteElo "2393"]
[BlackElo "2165"]
[PlyCount "35"]
[EventDate "1999.??.??"]

1. e4 d5 2. exd5 Nf6 3. d4 Nxd5 4. c4 Nb6 5. Nf3 g6 6. Be2 Bg7 7. Be3 Nc6 8.
Nc3 Bg4 9. d5 Bxf3 10. Bxf3 Ne5 11. Be2 O-O 12. Qb3 a5 13. Rd1 a4 14. Qb4 a3
15. c5 Nbd7 16. f4 axb2 17. fxe5 Nxe5 18. O-O {roma resigns} 1-0

[Event "ICS Rated blitz match"]
[Site "204.178.125.65"]
[Date "1999.10.28"]
[Round "?"]
[White "roma"]
[Black "Hossa"]
[Result "1/2-1/2"]
[WhiteElo "2158"]
[BlackElo "2400"]
[Annotator "Hiarcs 7.32 (45s)"]
[PlyCount "146"]
[EventDate "1999.??.??"]

1. Nf3 Nf6 2. g3 d5 3. Bg2 c6 4. O-O Bg4 5. Ne5 Bh5 6. b3 $146 (6. d4 Nbd7 7.
Nd3 (7. f4 e6 8. b3 c5 9. Bb2 Qb6 10. Bf3 Bxf3 11. exf3 cxd4 12. Bxd4 Bc5 13.
c3 Rc8 14. Qd3 O-O 15. Nd2 Nb8 16. Rfc1 Nc6 17. Bxc5 Qxc5+ 18. Kg2 Rfd8 19. Nf1
Qa3 20. Ne3 Nxe5 21. fxe5 21... Nd7 {Umarov,S-Kelly,B/Menorca 1996/0-1 (42)})
7... e6 (7... Qb6 8. c3 Bg6 9. Nd2 Bxd3 10. exd3 e6 11. Nf3 Bd6 12. Re1 Qc7 13.
c4 Qb8 14. Bd2 O-O 15. Qe2 b5 16. b3 b4 17. Ne5 Qb7 18. g4 a5 19. Rac1 Bxe5 20.
dxe5 Ne8 21. d4 Nc7 22. Qd3 {
Gutman,L-Urban,J/Badenweiler op 1990/GER 04/1-0 (34)}) 8. Nf4 Bg6 9. Nd2 Bd6
10. c4 O-O 11. Nxg6 hxg6 12. Qb3 Rb8 13. Nf3 Qe7 14. Bg5 Rfc8 15. Rac1 Qf8 16.
Rfd1 Ne4 17. Bf4 Bxf4 18. gxf4 Nd6 19. Ng5 Qe7 20. Qh3 20... Nf8 {
Gutman,L-Arnold,L/BL2-SW 1990/BL2/1-0 (47)}) 6... e6 7. Bb2 Bd6 8. d3 O-O 9.
Nd2 Nbd7 10. Nxd7 Nxd7 11. Qe1 Qa5 12. a3 e5 13. e4 Rad8 14. Kh1 f5 15. exd5
cxd5 16. b4 Qb5 17. c4 dxc4 18. dxc4 Qa6 19. c5 Bc7 20. Qc1 f4 21. Qc4+ Qxc4
22. Nxc4 Be2 23. Rfc1 fxg3 24. fxg3 Bxc4 25. Rxc4 Rf2 26. Rb1 Rb8 27. Kg1 Rd2
28. Bc3 Ra2 29. Bb2 Nf6 30. Rcc1 b6 31. Bf1 Kf8 32. Bc4 Rxb2 33. Rxb2 bxc5 34.
Kg2 cxb4 35. Rxb4 Rxb4 36. axb4 e4 37. Re1 Be5 38. Re2 Bd4 39. b5 e3 40. Kf3
Ke7 41. h3 g5 42. Bd3 h5 43. Rxe3+ Bxe3 44. Kxe3 Kd6 45. Kd4 h4 46. gxh4 gxh4
47. Bc4 Nh5 48. Bf1 Ke6 49. Kc5 Ke5 50. Kc6 Ng3 51. Bg2 Nf5 52. Kb7 Nd6+ 53.
Ka6 Kd4 54. Bc6 Kc5 55. Kxa7 Nxb5+ 56. Bxb5 Kxb5 57. Kb7 Kc5 58. Ka6 58... Kd5
{Droht Matt: Ke5} 59. Kb5 59... Ke5 {Mit der Mattdrohung Kf4} 60. Kc4 Ke4 61.
Kc3 Ke5 62. Kd3 Kd5 63. Ke3 Ke5 64. Kf3 Kd5 65. Kg4 Ke5 66. Kxh4 {Droht Matt}
66... Kf5 67. Kh5 Kf6 68. Kh6 Kf5 69. Kh7 Kg5 70. Kh8 Kh4 71. Kh7 Kg5 72. h4+
Kh5 73. Kh8 Kxh4 1/2-1/2

[Event "ICS rated blitz match"]
[Site "204.178.125.65"]
[Date "1999.10.28"]
[Round "?"]
[White "Hossa"]
[Black "Colorado"]
[Result "0-1"]
[WhiteElo "2390"]
[BlackElo "2668"]
[PlyCount "80"]
[EventDate "1999.??.??"]

1. e4 d5 2. exd5 Qxd5 3. Nc3 Qa5 4. d4 Nf6 5. Bc4 Nc6 6. Nge2 Be6 7. Bxe6 fxe6
8. Be3 O-O-O 9. a3 Nd5 10. O-O Nxe3 11. fxe3 Qg5 12. Qd3 e5 13. Rf7 exd4 14.
exd4 e5 15. Nb5 Bd6 16. c3 exd4 17. Nexd4 Nxd4 18. cxd4 Rhe8 19. Qh3+ Kb8 20.
Nxd6 Rxd6 21. Qc3 Rc6 22. Re1 Qd8 23. Rxe8 Qxe8 24. Qb3 Rc1+ 25. Kf2 Rc6 26.
Qd5 Rc2+ 27. Kg3 Rxb2 28. Rxg7 Qe3+ 29. Qf3 Qe1+ 30. Kf4 a6 31. Qg3 Qf1+ 32.
Ke4 Re2+ 33. Kd5 Qf5+ 34. Kc4 Qb5+ 35. Kc3 Qb2+ 36. Kc4 b5+ 37. Kd5 Qa2+ 38.
Qb3 Qxb3+ 39. Kc6 Re6+ 40. Kd7 40... Qd5# {Hossa checkmated} 0-1

[Event "ICS rated blitz match"]
[Site "204.178.125.65"]
[Date "1999.10.28"]
[Round "?"]
[White "Nicy"]
[Black "Hossa"]
[Result "1/2-1/2"]
[WhiteElo "2128"]
[BlackElo "2385"]
[PlyCount "72"]
[EventDate "1999.??.??"]

1. d4 Nf6 2. Bg5 e6 3. Nf3 d5 4. e3 c5 5. c3 Bd6 6. Bd3 Nc6 7. Nbd2 e5 8. dxe5
Bxe5 9. Nxe5 Nxe5 10. Be2 Bg4 11. Nf3 Ned7 12. O-O O-O 13. Qc2 Qb6 14. Rfd1
Rae8 15. h3 Bh5 16. Rac1 Ne5 17. Nxe5 Bxe2 18. Qxe2 Rxe5 19. Bxf6 Qxf6 20. Rd3
Qa6 21. a3 Qc4 22. Rcd1 Rfe8 23. Qf3 Rd8 24. R1d2 a5 25. Qd1 Qa2 26. Qf3 f6 27.
Qd1 Kh8 28. Qa4 b6 29. Qb5 Rd6 30. Kh2 Kg8 31. g3 g6 32. Kg2 Qb1 33. Rd1 Qc2
34. R1d2 Qc1 35. Rd1 Qc2 36. R1d2 36... Qc1 {Game drawn by mutual agreement}
1/2-1/2

[Event "ICS Rated blitz match"]
[Site "204.178.125.65"]
[Date "1999.10.28"]
[Round "?"]
[White "Hossa"]
[Black "counterplay"]
[Result "0-1"]
[WhiteElo "2375"]
[BlackElo "2763"]
[PlyCount "103"]
[EventDate "1999.??.??"]

1. e4 e5 2. Nf3 Nc6 3. d3 Nf6 4. Nc3 Bb4 5. Bg5 h6 6. Bh4 d5 7. exd5 Qxd5 8. a3
Bxc3+ 9. bxc3 g5 10. Bg3 O-O 11. Be2 Qa5 12. O-O Qxc3 13. Re1 Re8 14. Qc1 Nh5
15. Rb1 Nxg3 16. hxg3 Nd4 17. Nxd4 exd4 18. Rb3 Qa5 19. c3 dxc3 20. Rxc3 c6 21.
Rc5 Qb6 22. Rc4 a5 23. Qa1 Bf5 24. g4 Bg6 25. d4 Rad8 26. Qc3 Re4 27. Ra4 Rde8
28. Qd2 Qd8 29. Kf1 b5 30. f3 Rxe2 31. Rxe2 Rxe2 32. Qxe2 bxa4 33. Qc4 Qd5 34.
Qxa4 Qb5+ 35. Qxb5 cxb5 36. Ke2 b4 37. axb4 axb4 38. Kd2 f5 39. gxf5 Bxf5 40.
Kd1 Kf7 41. Kc1 Be6 42. Kd2 Bd5 43. Kc1 h5 44. Kd1 h4 45. Ke2 Bc4+ 46. Kd2 Bf1
47. d5 Bxg2 48. Ke3 b3 49. Kd3 Bxf3 50. d6 g4 51. d7 Ke7 52. Kc3 {Hossa resigns
} 0-1

[Event "ICS Rated blitz match"]
[Site "204.178.125.65"]
[Date "1999.10.28"]
[Round "?"]
[White "Hossa"]
[Black "knightmare51"]
[Result "1-0"]
[WhiteElo "2372"]
[BlackElo "2090"]
[PlyCount "53"]
[EventDate "1999.??.??"]

1. e4 e5 2. Nf3 Nc6 3. Bb5 Nf6 4. O-O Nxe4 5. Re1 Nd6 6. Nxe5 Nxe5 7. Rxe5+ Be7
8. Ba4 O-O 9. d4 Bf6 10. Re1 g6 11. Bh6 Re8 12. Rxe8+ Qxe8 13. Nc3 Nf5 14. Nd5
Bd8 15. Bg5 Bxg5 16. Nxc7 Qe4 17. Nxa8 Nh4 18. f3 Qe3+ 19. Kh1 b5 20. Bxb5 Bb7
21. Nc7 Nxf3 22. d5 Nxh2 23. Qe2 Qg3 24. Qe8+ Kg7 25. Qb8 Bxd5 26. Ne8+ Kh6 27.
Qxg3 {knightmare51 resigns} 1-0

[Event "ICS rated blitz match"]
[Site "204.178.125.65"]
[Date "1999.10.28"]
[Round "?"]
[White "Colorado"]
[Black "Hossa"]
[Result "1-0"]
[WhiteElo "2674"]
[BlackElo "2377"]
[Annotator "Hiarcs 7.32 (45s)"]
[PlyCount "136"]
[EventDate "1999.??.??"]

1. e4 e5 2. Nc3 Nf6 3. Bc4 Nc6 4. d3 Bb4 5. Bg5 5... Na5 $146 (5... d6 6. Nge2
Be6 (6... Na5 7. O-O Bxc3 8. Nxc3 Nxc4 9. dxc4 h6 10. Bxf6 Qxf6 11. f4 exf4 12.
Nd5 Qd8 13. Qh5 c6 14. Nxf4 Qg5 15. Qf3 Bg4 16. Qa3 Qc5+ 17. Qxc5 dxc5 18. Nd3
Be6 19. Nxc5 Bxc4 20. Rf5 O-O-O 21. b3 {
Herzog,A-Lenz,A/AUT-chT9495 1995/EXP 45/1/2-1/2 (62)}) (6... O-O 7. O-O Be6 8.
Nd5 Bxd5 9. exd5 Nb8 10. c3 Bc5 11. d4 Bb6 12. f4 exd4 13. Nxd4 c6 14. Kh1 Bxd4
15. Qxd4 c5 16. Qd3 Nbd7 17. Rae1 a6 18. Qh3 Re8 19. Bd3 Nf8 20. Qh4 Rxe1 21.
Rxe1 {Kovacs,G-Bors,S/HUN-chT2 1993/TD 93\10/1-0 (80)}) (6... Nd4 7. O-O Nxe2+
8. Qxe2 c6 9. f4 Qb6+ 10. Kh1 Bg4 11. Qe1 O-O-O 12. Na4 Bxe1 13. Nxb6+ axb6 14.
Raxe1 h6 15. Bxf6 gxf6 16. f5 d5 17. exd5 cxd5 18. Bb3 Rhg8 19. h3 Bh5 20. g4
Bxg4 21. hxg4 {Haik,A-Bishop,M/Metz op 1994/TD 94\02/1-0 (41)}) 7. a3 Ba5 8.
O-O h6 9. Bxe6 hxg5 10. Ba2 Bb6 11. Na4 Nh5 12. Nxb6 axb6 13. c3 Qf6 14. Ng3
Nf4 15. Re1 g6 16. Bc4 Kf8 17. Nf1 Rh4 18. Re3 Kg7 19. Rg3 Rah8 20. h3 {
Sauermann,W-Rothermel,T/OLWuert 1988/GER 01/0-1 (40)}) (5... O-O 6. Nge2 Na5 7.
a3 Be7 8. Ba2 c5 9. Qd2 Nc6 10. O-O Nd4 11. f4 d6 12. Bxf6 Bxf6 13. Nd5 Nxe2+
14. Qxe2 exf4 15. c3 Be5 16. Qf2 g5 17. d4 cxd4 18. cxd4 Bg7 19. Rfc1 Be6 20.
Nc7 {Lim,Y-Joventino,R/ASIA-chT 1995/EXP 50/1-0 (38)}) 6. Nge2 Nxc4 7. dxc4 O-O
8. O-O Be7 9. Bxf6 Bxf6 10. c5 b6 11. cxb6 axb6 12. Ng3 Bg5 13. Qf3 d6 14. Rfd1
Bb7 15. Nd5 c6 16. Ne3 Re8 17. Ngf5 Re6 18. Nc4 d5 19. Qg3 g6 20. exd5 cxd5 21.
Nfe3 Bf4 22. Qg4 Ra4 23. b3 Ra7 24. g3 Bh6 25. a4 Bg7 26. c3 Qa8 27. Nd2 d4 28.
cxd4 exd4 29. Nec4 b5 30. Na3 f5 31. Qf4 Be5 32. Qh4 Bf6 33. Qh3 Re5 34. Qf1
bxa4 35. Nb5 Ba6 36. bxa4 Rae7 37. Nb3 Rd5 38. Qc4 Qd8 39. Rd3 Bxb5 40. axb5
Rc7 41. Qb4 Bg7 42. Rad1 {Leitet das Manoever Ta1-d1-c1-c6 ein} 42... Rcd7 $11
(42... Qd6 43. Qa4 Rd7 44. Qc4 44... Qc7 $11) 43. Rc1 f4 44. Rc6 {
Von c6 entfaltet der Turm einige Wirkung} 44... fxg3 45. hxg3 45... Rf7 $18 (
45... Qe8 $11 $142 {und Schwarz spielt mit}) 46. Qc4 $1 {bleibt am Druecker}
46... Qg5 47. Rc8+ Bf8 48. Nxd4 48... Qe5 {Droht Matt: Qe1} 49. Rxf8+ Kxf8 50.
Ne6+ $1 {ein boeses Schach} 50... Ke7 51. Rxd5 Qe1+ 52. Qf1 {
Mit der Mattdrohung Qxe1} 52... Qxe6 53. Qd1 Qf6 (53... Qb6 54. Rd7+ Kf8 55.
Rd8+ Kg7 56. Qa1+ Kh6 57. Qc1+ Kg7 58. Qb2+ Kh6 59. Rd5 $18) 54. Rd7+ Ke8 55.
Rxf7 {Droht Matt} 55... Qxf7 $2 (55... Kxf7 56. Qd7+ Qe7 57. Qd5+ Qe6 58. Qb7+
58... Kf6 $18) 56. b6 g5 (56... Qb7 {bot noch bessere Widerstandsmoeglichkeiten
} 57. Qa4+ 57... Kf8 $18) 57. Qa4+ Qd7 58. Qe4+ Kd8 59. Qa8+ Ke7 60. b7 Qd1+
61. Kh2 $1 {glaenzend gespielt. Droht Matt: b8Q} 61... Qf3 62. Qa7 Kf6 63. b8=Q
{Es droht Matt} 63... Qh5+ 64. Kg2 Qf7 65. Qd4+ Kg6 66. Qbd6+ Qf6 67. Q6xf6+
Kh5 68. Qg4+ Kxg4 1-0

[Event "ICS Rated blitz match"]
[Site "204.178.125.65"]
[Date "1999.10.28"]
[Round "?"]
[White "Hossa"]
[Black "Colorado"]
[Result "0-1"]
[WhiteElo "2372"]
[BlackElo "2679"]
[PlyCount "127"]
[EventDate "1999.??.??"]

1. e4 e5 2. Nf3 d6 3. d4 exd4 4. Nxd4 Nf6 5. Nc3 Be7 6. Be2 O-O 7. O-O Re8 8.
Bf4 Nbd7 9. Nf5 Nc5 10. Nxe7+ Qxe7 11. f3 Bd7 12. Qd2 a5 13. Bg5 Bc6 14. Rad1
a4 15. a3 Ne6 16. Be3 Ra5 17. Bf2 Re5 18. Bc4 b5 19. Ba2 h6 20. Bg3 Rg5 21. Qf2
Nc5 22. Rd2 Rg6 23. Rfd1 Nh5 24. Bh4 Nf4 25. Qe1 Qe5 26. Qe3 Nce6 27. Bg3 Qg5
28. Qa7 Ra8 29. Qf2 Rb8 30. Bb1 b4 31. Nd5 bxa3 32. Nxf4 Nxf4 33. bxa3 h5 34.
Kh1 Rb7 35. c4 Qe5 36. Qe3 Rf6 37. Ba2 Rb8 38. Rc2 g5 39. Qa7 Rc8 40. Qa6 Qe8
41. c5 Ra8 42. Qf1 Bb5 43. Qe1 Qe7 44. Bxf4 Rxf4 45. cxd6 cxd6 46. Bd5 Rd8 47.
Rdc1 Bd7 48. Rc7 Qe8 49. Qg3 Qe5 50. Qf2 g4 51. Qh4 Rf6 52. fxg4 Qf4 53. Rg1
hxg4 54. Ra7 Rh6 55. Qxd8+ Kh7 56. h4 gxh3 57. g4 h2 58. Qg8+ Kxg8 59. Bxf7+
Qxf7 60. Ra8+ Kg7 61. Rf8 Qxf8 62. Kg2 hxg1=Q+ 63. Kxg1 Qf3 64. g5 {
Hossa resigns} 0-1

[Event "ICS rated blitz match"]
[Site "204.178.125.65"]
[Date "1999.10.28"]
[Round "?"]
[White "Colorado"]
[Black "Hossa"]
[Result "1-0"]
[WhiteElo "2684"]
[BlackElo "2367"]
[PlyCount "94"]
[EventDate "1999.??.??"]

1. d4 Nf6 2. c4 e6 3. Nc3 Bb4 4. Qc2 O-O 5. a3 Bxc3+ 6. Qxc3 b6 7. Bg5 Bb7 8.
e3 Re8 9. Nf3 d6 10. Be2 Nbd7 11. Qc1 e5 12. O-O exd4 13. Nxd4 Nc5 14. f3 Ne6
15. Nxe6 fxe6 16. e4 Rf8 17. b4 e5 18. c5 bxc5 19. bxc5 Qe7 20. Qc4+ Kh8 21.
Rab1 Rfb8 22. Rfc1 c6 23. cxd6 Qxd6 24. Rc3 Qd7 25. Qc5 Qc7 26. Bc4 Re8 27.
Bxf6 gxf6 28. Rcb3 Reb8 29. Bd5 Qc8 30. Qe7 cxd5 31. Qxf6+ Kg8 32. Qg5+ Kf7 33.
Qxe5 Qc5+ 34. Kh1 Kg8 35. Qg5+ Kh8 36. Qf6+ Kg8 37. f4 Qf2 38. Rf3 Bc8 39. Rc1
Bf5 40. exf5 Rb6 41. Qg5+ Rg6 42. fxg6 Qb6 43. gxh7+ Kf7 44. Qf5+ Kg7 45. Rg3+
Qg6 46. Qxg6+ Kf8 47. h8=Q+ 47... Ke7 {Hossa resigns} 1-0

[Event "ICS rated blitz match"]
[Site "204.178.125.65"]
[Date "1999.10.28"]
[Round "?"]
[White "Hossa"]
[Black "roma"]
[Result "1-0"]
[WhiteElo "2379"]
[BlackElo "2168"]
[PlyCount "53"]
[EventDate "1999.??.??"]

1. d4 d5 2. c4 e6 3. Nc3 c5 4. e3 Nf6 5. Nf3 Nc6 6. Bd3 a6 7. O-O dxc4 8. Bxc4
b5 9. Bd3 Bb7 10. Ne4 c4 11. Nxf6+ Qxf6 12. Be2 Rd8 13. a4 e5 14. axb5 axb5 15.
d5 e4 16. Nd2 Nb4 17. Nxe4 Qe5 18. Nc3 Nxd5 19. Qd4 Qxd4 20. exd4 Nxc3 21. bxc3
Be7 22. Ra7 Rd7 23. Bg4 Bc8 24. Bxd7+ Bxd7 25. Ra8+ Bd8 26. Re1+ Be6 27. d5 {
roma resigns} 1-0

[Event "ICS rated blitz match"]
[Site "204.178.125.65"]
[Date "1999.10.28"]
[Round "?"]
[White "roma"]
[Black "Hossa"]
[Result "0-1"]
[WhiteElo "2161"]
[BlackElo "2386"]
[PlyCount "102"]
[EventDate "1999.??.??"]

1. e4 e5 2. Nf3 Nc6 3. Bb5 a6 4. Ba4 d6 5. c3 Bd7 6. d4 g6 7. Bg5 f6 8. Be3 Bg7
9. O-O Nge7 10. Nbd2 O-O 11. Re1 Kh8 12. Bb3 f5 13. exf5 Bxf5 14. dxe5 dxe5 15.
Bc5 b6 16. Ba3 Qe8 17. Ne4 Bg4 18. Neg5 Rd8 19. Qe2 b5 20. h3 Bxf3 21. Nxf3 Rf4
22. Ng5 Nd5 23. Rad1 Nb6 24. Ne6 Rxd1 25. Rxd1 Rf6 26. Nxg7 Kxg7 27. Bc5 Na5
28. Bc2 Nac4 29. Be4 Na4 30. Be3 Naxb2 31. Rd5 c6 32. Rc5 Nxe3 33. Qxe3 Na4 34.
c4 Nxc5 35. Qxc5 h5 36. h4 Qe6 37. cxb5 axb5 38. a3 Qd6 39. Qa7+ Rf7 40. Qe3 c5
41. Qg3 Rf6 42. Qh3 Qd4 43. Qg3 Qxe4 44. Qc3 Qd4 45. Qc2 Qa1+ 46. Kh2 Qxa3 47.
Qe2 Qb4 48. Qxe5 Qxh4+ 49. Kg1 Qxf2+ 50. Kh2 Qf4+ 51. Qxf4 51... Rxf4 {
roma resigns} 0-1

[Event "ICS rated blitz match"]
[Site "204.178.125.65"]
[Date "1999.10.28"]
[Round "?"]
[White "Hossa"]
[Black "roma"]
[Result "1-0"]
[WhiteElo "2393"]
[BlackElo "2154"]
[PlyCount "115"]
[EventDate "1999.??.??"]

1. d4 d5 2. c4 e6 3. Nc3 c5 4. e3 Nf6 5. Nf3 Nc6 6. Bd3 a6 7. O-O dxc4 8. Bxc4
Be7 9. dxc5 Qxd1 10. Rxd1 Bxc5 11. Bd3 O-O 12. Ne4 Be7 13. Nxf6+ Bxf6 14. Nd4
Nxd4 15. exd4 Bd7 16. Be4 Bc6 17. Bxc6 bxc6 18. Be3 Rab8 19. b3 c5 20. Rac1
cxd4 21. Bxd4 Bg5 22. Rc6 Rfd8 23. Rd3 e5 24. h4 Bf6 25. Ba7 Rxd3 26. Bxb8 a5
27. Rc8+ Rd8 28. Rxd8+ Bxd8 29. Bxe5 Kf8 30. Bc3 g6 31. g3 Ke7 32. b4 axb4 33.
Bxb4+ Ke6 34. a4 Kd5 35. f4 Kc4 36. Be1 Bb6+ 37. Kf1 f5 38. Ke2 Bc5 39. Bd2 h5
40. a5 Kb5 41. Bc3 Bd6 42. Kd3 Bc7 43. Kd4 Kc6 44. Kc4 Bd8 45. Be1 Be7 46. Bf2
Bd6 47. a6 Bb8 48. a7 Bxa7 49. Bxa7 Kd6 50. Bb8+ Ke6 51. Be5 Kf7 52. Kc5 Kg8
53. Kd6 Kh7 54. Ke7 Kh6 55. Kf7 Kh7 56. Bg7 g5 57. fxg5 f4 58. g6# {
roma checkmated} 1-0

[Event "ICS rated blitz match"]
[Site "204.178.125.65"]
[Date "1999.10.28"]
[Round "?"]
[White "roma"]
[Black "Hossa"]
[Result "0-1"]
[WhiteElo "2148"]
[BlackElo "2399"]
[PlyCount "124"]
[EventDate "1999.??.??"]

1. e4 e5 2. Nf3 Nc6 3. Bb5 a6 4. Ba4 d6 5. c3 Bd7 6. d4 g6 7. Bg5 f6 8. Be3 Bg7
9. O-O Nge7 10. Re1 O-O 11. Nbd2 Rb8 12. a3 d5 13. dxe5 Nxe5 14. Nxe5 fxe5 15.
Bg5 Bxa4 16. Qxa4 c6 17. exd5 cxd5 18. Nf3 h6 19. Bh4 Qd6 20. Rad1 Nf5 21. Bg3
Nxg3 22. hxg3 Rbd8 23. Qb4 Qxb4 24. axb4 Rfe8 25. Re2 Rd6 26. Rde1 Rde6 27. Nd4
R6e7 28. Nc2 Rd8 29. Rd1 Red7 30. Red2 h5 31. Ra1 d4 32. cxd4 exd4 33. Rd3 Rc7
34. Ne1 Re7 35. Kf1 Rd5 36. Nf3 Rb5 37. b3 Rxb4 38. Ra4 Rxa4 39. bxa4 Rd7 40.
Ke2 b5 41. axb5 axb5 42. Rb3 Rd5 43. Kd3 Kf7 44. Ke4 Ke6 45. Rb4 d3 46. Rb1 Bc3
47. Rd1 d2 48. Ke3 b4 49. Nxd2 b3 50. Ke2 b2 51. Nb1 Rxd1 52. Kxd1 Bd4 53. Ke2
Kd5 54. f3 Kc4 55. g4 hxg4 56. fxg4 Kb3 57. Kd3 Be5 58. Kd2 Ka2 59. Kc2 g5 60.
Nd2 Bg3 61. Nb1 Be1 62. g3 62... Bb4 {roma resigns} 0-1

[Event "ICS rated blitz match"]
[Site "204.178.125.65"]
[Date "1999.10.28"]
[Round "?"]
[White "Hossa"]
[Black "roma"]
[Result "1-0"]
[WhiteElo "2416"]
[BlackElo "2130"]
[PlyCount "61"]
[EventDate "1999.??.??"]

1. d4 Nf6 2. c4 g6 3. Nc3 d5 4. cxd5 Nxd5 5. e4 Nxc3 6. bxc3 c5 7. Nf3 Bg7 8.
Bb5+ Bd7 9. Bxd7+ Qxd7 10. O-O O-O 11. Rb1 Nc6 12. d5 Na5 13. Be3 b6 14. Rc1
Qb5 15. Nd2 Nc4 16. Bg5 Nxd2 17. Qxd2 Rfe8 18. f3 Qc4 19. Rf2 a5 20. Bh6 Bh8
21. Qe3 a4 22. f4 a3 23. f5 Ra4 24. fxg6 hxg6 25. Qf3 f6 26. Re1 e5 27. Qg4 Kf7
28. Qd7+ Re7 29. Qh3 Ra8 30. Bg5 Qa4 31. Qh7+ {roma resigns} 1-0

[Event "ICS Rated blitz match"]
[Site "204.178.125.65"]
[Date "1999.10.28"]
[Round "?"]
[White "roma"]
[Black "Hossa"]
[Result "0-1"]
[WhiteElo "2125"]
[BlackElo "2421"]
[PlyCount "74"]
[EventDate "1999.??.??"]

1. e4 e5 2. Nf3 Nc6 3. Bb5 a6 4. Ba4 d6 5. c3 Bd7 6. d4 g6 7. O-O Bg7 8. Bg5 f6
9. Be3 Nge7 10. Nbd2 O-O 11. Re1 Kh8 12. Bb3 f5 13. exf5 Bxf5 14. dxe5 dxe5 15.
Ng5 Qe8 16. Bc5 Rd8 17. Qe2 b6 18. Ba3 Bd3 19. Qe3 Bf5 20. Rad1 Rf6 21. Nde4
Rf8 22. Qg3 Rxd1 23. Rxd1 h6 24. Qh4 Bxe4 25. Nxe4 Rf4 26. Qh3 Rxe4 27. Qe6 h5
28. f3 Rf4 29. Bxe7 Nxe7 30. Rd7 Bf6 31. Rxc7 Kh7 32. a4 Qd8 33. Rd7 Qe8 34.
Rb7 Kh6 35. Rxb6 a5 36. Qd6 Nc8 37. Qxf6 37... Rxf6 {roma resigns} 0-1

[Event "ICS rated blitz match"]
[Site "204.178.125.65"]
[Date "1999.10.28"]
[Round "?"]
[White "brutus"]
[Black "Hossa"]
[Result "0-1"]
[WhiteElo "2142"]
[BlackElo "2432"]
[PlyCount "58"]
[EventDate "1999.??.??"]

1. e4 e5 2. Nf3 Nc6 3. Bb5 a6 4. Ba4 d6 5. d4 b5 6. Bb3 Bb7 7. Bd5 Nf6 8. Bxc6+
Bxc6 9. d5 Bd7 10. Bg5 Be7 11. Nbd2 Nxd5 12. exd5 Bxg5 13. Nxg5 Qxg5 14. O-O
Bh3 15. Qf3 Qxd2 16. Qxh3 Qxd5 17. Rfd1 Qc4 18. b3 Qxc2 19. Rac1 Qxa2 20. Rxc7
O-O 21. Rc3 Rad8 22. Rg3 Qe2 23. Rf1 f5 24. Qh6 Rf7 25. h4 f4 26. Rg5 f3 27. g3
Kh8 28. Qe6 Rc7 29. h5 29... Qxf1+ {brutus resigns} 0-1

[Event "ICS rated blitz match"]
[Site "204.178.125.65"]
[Date "1999.10.28"]
[Round "?"]
[White "Hossa"]
[Black "brutus"]
[Result "1-0"]
[WhiteElo "2437"]
[BlackElo "2137"]
[PlyCount "93"]
[EventDate "1999.??.??"]

1. d4 Nf6 2. c4 g6 3. Nc3 d5 4. cxd5 Nxd5 5. e4 Nxc3 6. bxc3 Bg7 7. Nf3 O-O 8.
Be2 c5 9. Rb1 Nc6 10. Be3 cxd4 11. Nxd4 Nxd4 12. Bxd4 Bxd4 13. cxd4 b6 14. O-O
Bb7 15. Qd3 Qd6 16. Qe3 Rfc8 17. a3 Rc7 18. Rfe1 Rac8 19. d5 Rc3 20. Qh6 Rxa3
21. Bg4 Rc5 22. Rbd1 Qe5 23. f4 Qg7 24. Qh4 Qf6 25. Qxf6 exf6 26. d6 Bc6 27. d7
Bxd7 28. Rxd7 b5 29. Rb7 a5 30. Bd7 b4 31. Be8 Rcc3 32. Bxf7+ Kf8 33. Bd5 b3
34. Rf7+ Ke8 35. Rxh7 a4 36. Bf7+ Kf8 37. Bxg6 b2 38. e5 Rc1 39. exf6 Rxe1+ 40.
Kf2 Rf1+ 41. Ke2 Re1+ 42. Kxe1 b1=Q+ 43. Bxb1 Ra1 44. Rb7 a3 45. Kf2 a2 46. Bg6
Rc1 47. Rb8+ {brutus resigns} 1-0

[Event "ICS rated bullet match"]
[Site "204.178.125.65"]
[Date "1999.10.28"]
[Round "?"]
[White "apatrid"]
[Black "Hossa"]
[Result "0-1"]
[WhiteElo "2095"]
[BlackElo "2377"]
[PlyCount "80"]
[EventDate "1999.??.??"]

1. d4 Nf6 2. Nf3 g6 3. g3 Bg7 4. Bg2 O-O 5. O-O d5 6. c3 Bf5 7. Nbd2 Nbd7 8.
Nh4 Be6 9. e4 dxe4 10. Nxe4 Nxe4 11. Bxe4 Rb8 12. Bg2 Bc4 13. Re1 e5 14. Be3 f6
15. Nf3 Nb6 16. dxe5 fxe5 17. Ng5 Qxd1 18. Rexd1 h6 19. Bxb6 axb6 20. Ne4 Rbd8
21. b3 Be2 22. Rxd8 Rxd8 23. Re1 Bd1 24. Bf1 g5 25. Be2 Bc2 26. Bf3 Ra8 27. Nd2
c6 28. a4 Rd8 29. Re2 Rd3 30. Be4 Rxd2 31. Rxd2 Bxe4 32. Rd8+ Kh7 33. Rd7 c5
34. Rd6 Bc6 35. b4 cxb4 36. cxb4 Bf8 37. Re6 Bxb4 38. Rxe5 Bd6 39. Re6 Bc5 40.
Re4 40... Bxe4 {apatrid resigns} 0-1

[Event "ICS rated bullet match"]
[Site "204.178.125.65"]
[Date "1999.10.28"]
[Round "?"]
[White "Hossa"]
[Black "apatrid"]
[Result "1-0"]
[WhiteElo "2382"]
[BlackElo "2090"]
[PlyCount "91"]
[EventDate "1999.??.??"]

1. d4 d6 2. c4 Nf6 3. Nf3 c6 4. Bf4 Bf5 5. e3 Nbd7 6. Be2 Qb6 7. b3 e5 8. Bg3
e4 9. Nh4 Bg6 10. O-O Be7 11. f4 exf3 12. Bxf3 O-O 13. Nc3 Rfe8 14. Nxg6 hxg6
15. e4 Bf8 16. Bf2 Qc7 17. b4 a6 18. Qb3 b5 19. Rac1 Rab8 20. a4 bxc4 21. Qxc4
Qb7 22. Rb1 Nxe4 23. Bxe4 d5 24. Bxd5 cxd5 25. Nxd5 Nf6 26. Nxf6+ gxf6 27. b5
axb5 28. axb5 Rbc8 29. Qd3 Qd5 30. Bh4 f5 31. Bf6 Bg7 32. Bxg7 Kxg7 33. Rb4 Re4
34. b6 Re7 35. Qd2 Rb8 36. Re1 Rxe1+ 37. Qxe1 Qe4 38. Qd2 Qd5 39. Rb2 Qe4 40.
d5 Qc4 41. b7 Qc5+ 42. Kh1 Qe7 43. d6 Qd7 44. Qc3+ f6 45. Qc7 Rc8 46. Qxd7+ {
apatrid resigns} 1-0